Inventarios de flora y fauna de los cuerpos lagunares de Cartagena de Indias, Colombia /

Bibliographic Details
Main Author: Real Capacho, Nazly Constanza (Author)
Format: Electronic eBook
Language:Spanish
Published: [Pamplona, Colombia] : Universidad de Pamplona, [2024]
Subjects:
Online Access:Digitalia Hispánica

MARC

LEADER 00000nam a2200000 i 4500
001 DIGUPAMP0056
003 NyNyDIG
007 cr |||||||||||
008 250903s2024 ck ao ob 000 0 spa d
006 m o d
035 |a (OCoLC)1536545364 
040 |a DGITA  |b eng  |e rda  |e pn  |c DGITA 
020 |a 9786287656154  |q (digital) 
024 7 |a 10.24054/seu.63  |2 doi 
043 |a s-ck--- 
050 1 4 |a QL244 ebook 
245 0 0 |a Inventarios de flora y fauna de los cuerpos lagunares de Cartagena de Indias, Colombia /  |c Nazly Constanza Real Capacho [and 9 others]. 
264 1 |a [Pamplona, Colombia] :  |b Universidad de Pamplona,  |c [2024] 
300 |a 1 online resource :  |b illustrations, photographs. 
336 |a text  |b txt  |2 rdacontent 
337 |a computer  |b c  |2 rdamedia 
338 |a online resource  |b cr  |2 rdacarrier 
347 |a text file  |2 rdaft 
347 |b PDF 
500 |a "Desarrollo de una propuesta sostenible de turismo científico en el sistema interno de cuerpos de agua lagunares del distrito de Cartagena de Indias, Departamento de Bolívar"--Cover. 
588 0 |a Online resource; title from PDF title page (Digitalia, viewed September 3, 2025) 
650 0 |a Zoology  |z Colombia  |z Cartagena. 
650 0 |a Plants  |z Colombia  |z Cartagena. 
700 1 |a Real Capacho, Nazly Constanza,  |e author. 
791 2 |a Digitalia (Firm),  |e distributor. 
793 0 |g Digitalia eBook Collection:  |a Universidad de Pamplona 
856 4 0 |3 Digitalia Hispánica  |u https://www.digitaliapublishing.com/a/175703/ 
910 |a Premium collection: 2025